000 01929nam2a22003011 4500
001 v19\rc\1965777
005 20250620095215.0
035 _a(NLR Aleph) 005269241
090 _a5981673
_c5981673
100 _a20080428e19141914|||y0rusy50 ca
101 0 _arus
102 _aRU
105 _aa z |||||
200 1 _aУчение о нормальных многоповодковых цепях и роль их в образовании механизмов
_e[Дис.]
210 _d1914
_aБ. м.
215 _a[6], 208 с.
_cчерт.
311 _aОтт. из "Изв. С.-Петерб. Политехн. ин-та имп. Петра Великого". Т. 20 и 21
320 _aБиблиогр. в примеч.
461 0 _1001v19\rc\1965776
_12001#$aИсследование плоских стержневых механизмов с низшими парами с точки зрения их структуры и классификации$eЧ. 1-$fЛ.В. Ассур$vЧ. 1
_95981665
_aАссур, Л.В. (1878-1920)
_cСанкт-Петербург
_d1914-1915
_fЛ.В. Ассур
_nтипо-лит. Шредера
_oЧ. 1-
_tИсследование плоских стержневых механизмов с низшими парами с точки зрения их структуры и классификации
_vЧ. 1
488 0 _12001#$aИзвестия Санкт-Петербургского Политехнического института имп. Петра Великого$vТ. 20, 21
_tИзвестия Санкт-Петербургского Политехнического института имп. Петра Великого
801 0 _aRU
_bNLR
_c20080428
_gpsbo
801 0 _aRU
_bRuMoRGB
_c20080428
_2psbo
801 1 _aRU
_bProSoft-M
_c20080428
_2rusmarc
801 2 _aRU
_bNLR
_c20081218
_2rusmarc
852 _aNLR
_j37.66.5.58(1)
852 _aNLR
_j133/2349(1)
942 _cBOOK
980 _aNB